The Constitution of the Republic of Italy ; (Record no. 3388)

MARC details
000 -LEADER
fixed length control field 01109cam a2200313 i 4500
001 - CONTROL NUMBER
control field 4202561
003 - CONTROL NUMBER IDENTIFIER
control field OSt
005 - DATE AND TIME OF LATEST TRANSACTION
control field 20230703151337.0
008 - FIXED-LENGTH DATA ELEMENTS--GENERAL INFORMATION
fixed length control field 801204s1979 it f000 0 eng
010 ## - LIBRARY OF CONGRESS CONTROL NUMBER
LC control number 80510393
015 ## - NATIONAL BIBLIOGRAPHY NUMBER
National bibliography number It***
040 ## - CATALOGING SOURCE
Original cataloging agency DLC
Transcribing agency DLC
Modifying agency DLC
041 1# - LANGUAGE CODE
Language code of text/sound track or separate title eng
Language code of original ita
043 ## - GEOGRAPHIC AREA CODE
Geographic area code e-it---
082 00 - DEWEY DECIMAL CLASSIFICATION NUMBER
Classification number 342.45
Item number ROi
110 1# - MAIN ENTRY--CORPORATE NAME
Corporate name or jurisdiction name as entry element Italy.
Form subheading Constitution.
Language of a work English.
245 14 - TITLE STATEMENT
Title The Constitution of the Republic of Italy ;
Remainder of title Rules of the Chamber of Deputies, and of the Senate of the Republic.
260 ## - PUBLICATION, DISTRIBUTION, ETC. (IMPRINT)
Place of publication, distribution, etc. Rome :
Name of publisher, distributor, etc. Chamber of Deputies,
Date of publication, distribution, etc. 1979.
300 ## - PHYSICAL DESCRIPTION
Extent 195 p. ;
Dimensions 22 cm.
610 10 - SUBJECT ADDED ENTRY--CORPORATE NAME
Corporate name or jurisdiction name as entry element Italy.
Subordinate unit Parlamento.
Title of a work Camera dei deputati
Form subdivision Rules and practice.
610 10 - SUBJECT ADDED ENTRY--CORPORATE NAME
Corporate name or jurisdiction name as entry element Italy.
Subordinate unit Parlamento.
-- Senato
Form subdivision Rules and practice.
650 #0 - SUBJECT ADDED ENTRY--TOPICAL TERM
Topical term or geographic name as entry element Constitutions
Geographic subdivision Italy.
650 #0 - SUBJECT ADDED ENTRY--TOPICAL TERM
Topical term or geographic name as entry element Constitutional law
Geographic subdivision Italy.
710 12 - ADDED ENTRY--CORPORATE NAME
Corporate name or jurisdiction name as entry element Italy.
Subordinate unit Parlamento.
-- Camera dei deputati.
Title of a work Regolamento della Camera dei deputati.
Language of a work English.
710 1# - ADDED ENTRY--CORPORATE NAME
Corporate name or jurisdiction name as entry element Italy.
Subordinate unit Parlamento.
-- Senato.
Title of a work Regolamento del Senato.
Language of a work English.
906 ## - LOCAL DATA ELEMENT F, LDF (RLIN)
a 7
b cbc
c orignew
d 3
e ncip
f 19
g y-gencatlg
942 ## - ADDED ENTRY ELEMENTS (KOHA)
Source of classification or shelving scheme Dewey Decimal Classification
Koha item type Books
Holdings
Withdrawn status Lost status Source of classification or shelving scheme Damaged status Not for loan Home library Current library Date acquired Total Checkouts Full call number Barcode Date last seen Price effective from Koha item type
    Dewey Decimal Classification     County Hall Archives County Hall Archives 07/03/2023   342.45 ROI 10010674 07/03/2023 07/03/2023 Books
LIBRARY OPENING HOURS

When the Parliament is sitting: 8.00a.m - 7.00p.m or until the house adjourns
Mondays and Fridays and when the House is on Recess:  8.00a.m - 5.00p.m
Closed on Weekends and Public Holidays

Online Public Access Catalog (OPAC)
Website: http://www.parliament.go.ke
Bunge Library: https://libraryir.parliament.go.ke
Contact: library@parliament.go.ke | Tel no: (254-2)2221291 or 2848000 Ext 5043